000 00284nam a22001337a 4500
008 171010b xxu||||| |||| 00| 0 eng d
020 _a9780801483882
041 _aeng
080 _a316
100 _a50
101 _aSOC
245 _aDIOSRDERLY WOMEN
_cJUSTER,S
942 _2udc
_cBK
999 _c32821
_d32821